00925nam a2200289 i 4500001000300000003000400003005001700007008003900024015001600063020001500079040001400094041000800108080001200116080000900128100002700137245009500164250001700259260005500276300004100331504002300372655001700395650003400412700002700446700002400473710004100497856009700538bgBPK20230222144715.0981103s1985 pl a f |000 0 pol aPB 1986/259 a8320407761 aWA NcBPK0 apol a004.438 a(07)1 aCzech, ZbignieweAutor10aProgramowanie w języku BASIC /cZbigniew Czech, Krzysztof Nałęcki, Stanisław Wołek. aWyd. 2 uzup. aWarszawa :bWydawnictwa Naukowo-Techniczne,c1985. a191, [1] s. :brys., wykr. ;c21 cm. aBibliogr. s.[192]. 4aPodręcznik 4aBASIC (język programowania)1 aNałęcki, Krzysztof.1 aWołek, Stanisław.2 aWydawnictwa Naukowo-Techniczne4pbl. uhttp://koha.tu.koszalin.pl/cgi-bin/koha/opac-detail.pl?biblionumber=2631yKatalog online BPK